000
00262nam a2200109Ia 4500
008
220204s9999 xx 000 0 und d
082
_a
323.27(73)
_b
REV
100
_a
Revel, J F
245
0
_a
Without marx or Jesus
260
_a
London
_b
Paladin
_c
1972
942
_c
BK
999
_c
30415
_d
30415